000 00752nam a2200193 u 4500
001 000165097
003 AM-YeHGA
005 20250617123333.0
008 990707s1972 ru ||||gr|||||||||0|rus|d
040 _aAM-YeHGA
041 0 _arus
245 0 0 _aРегулирование процесса горения в двигателях с искровым зажиганием /
_cМ.О. Лернер ; Ин-т элементоорганических соединений АН СССР.
260 _aМосква :
_bНаука,
_c1972.
300 _a295 с.
650 1 4 _aТеплоэнергетика
710 2 _aИнститут элементоорганических соединений АН СССР
942 _2udc
_cBK
090 _c57485
999 _c56579
_d56579